Statistics for Name a Pokémon with Each Type Combination

Click here to take the quiz!

General Stats

  • This quiz has been taken 57 times
  • The average score is 86 of 162

Answers on the Map

Answers color-coded by a green-red scale on the quiz's map according to % correct below.
 

Answer Stats

TypesExample#% Correct
FireArcanine37
100%
Flying/DragonDragonite6
100%
Ground/RockLarvitar9
100%
WaterSquirtle75
100%
Flying/BugButterfree14
94%
IceGlaceon20
94%
PsychicMew41
94%
ElectricPikachu35
94%
Electric/FlyingZapdos7
94%
Fire/FlyingCharizard6
89%
GroundDiglett17
89%
NormalEevee75
89%
FightingMachamp30
89%
Normal/FlyingPidgey27
89%
Fire/DragonReshiram4
89%
GrassSprigatito47
89%
FairySylveon21
89%
Electric/RockAlolan Geodude4
83%
DragonDratini13
83%
PoisonEkans16
83%
Poison/GhostGengar4
83%
Ground/SteelSteelix6
83%
Poison/BugWeedle12
83%
Grass/PoisonBulbasaur14
78%
BugCaterpie23
78%
Fighting/PsychicGallade4
78%
Fighting/FlyingHawlucha3
78%
Electric/GrassHisuian Voltorb3
78%
RockRegirock17
78%
DarkUmbreon15
78%
Normal/FairyWigglytuff5
78%
Fire/GroundCamerupt3
72%
Water/ElectricChinchou3
72%
Water/FlyingGyarados8
72%
SteelKlinklang12
72%
Water/IceLapras8
72%
Steel/FairyTinkaton7
72%
Water/GroundWooper9
72%
Flying/PsychicXatu9
72%
Ice/FlyingArticuno2
67%
Fire/GhostChandelure8
67%
Fire/DarkIncineroar4
67%
Water/DragonKingdra5
67%
Electric/DragonMiraidon5
67%
GhostMismagius17
67%
Grass/BugParas6
67%
Water/PsychicSlowpoke6
67%
Water/PoisonTentacool6
67%
Fire/FightingBlaziken7
61%
Fire/RockCoalossal5
61%
Bug/SteelForretress6
61%
Ice/GhostFroslass1
61%
Ghost/DragonGiratina4
61%
Water/DarkHisuian Samurott6
61%
Fire/PoisonIron Moth3
61%
Electric/BugJoltik4
61%
Flying/DarkMurkrow8
61%
Ghost/DarkSableye2
61%
Fire/WaterVolcanion1
61%
Electric/IceArctozolt2
56%
Psychic/FairyGardevoir9
56%
Ground/FlyingGliscor3
56%
Fire/ElectricHeat Rotom1
56%
Grass/FightingHisuian Lilligant5
56%
Dragon/DarkHydreigon5
56%
Water/RockKabutops11
56%
Water/GrassLudicolo4
56%
Electric/SteelMagnemite4
56%
Grass/GhostPumpkaboo8
56%
Electric/GhostRotom1
56%
Grass/FlyingRowlet7
56%
Electric/GroundSandy Shocks2
56%
Poison/DarkStunky7
56%
Fire/BugVolcarona4
56%
Poison/FlyingZubat3
56%
Grass/IceAbomasnow2
50%
Flying/RockAerodactyl4
50%
Electric/PsychicAlolan Raichu1
50%
Grass/PsychicCelebi5
50%
Fighting/PoisonCroagunk5
50%
Electric/FairyDedenne2
50%
Dragon/SteelDialga5
50%
Flying/GhostDrifblim3
50%
Grass/SteelFerrothorn3
50%
Ice/DragonFrigibax4
50%
Water/GhostFrillish3
50%
Ground/GhostGolurk6
50%
Fire/SteelHeatran1
50%
Fighting/BugHeracross4
50%
Ice/PsychicJynx5
50%
Fighting/SteelLucario3
50%
Grass/DragonMega Sceptile7
50%
Psychic/SteelMetagross9
50%
Fighting/DarkPangoro3
50%
Ice/DarkSneasel3
50%
Ice/BugSnom2
50%
Grass/GroundTorterra3
50%
Fire/PsychicVictini4
50%
Poison/DragonDragalge3
44%
Ground/DragonFlygon6
44%
Normal/PsychicGirafarig6
44%
Fighting/DragonKoraidon3
44%
Water/FairyMarill4
44%
Ground/BugNincada2
44%
Grass/DarkNuzleaf7
44%
Normal/FirePyroar2
44%
Water/BugSurskit5
44%
Grass/FairyWhimsicott5
44%
Fighting/GhostAnnihilape2
39%
Water/SteelEmpoleon1
39%
Normal/ElectricHeliolisk2
39%
Psychic/DarkInkay3
39%
Psychic/DragonLatias3
39%
Psychic/RockLunatone3
39%
Dark/SteelPawniard3
39%
Water/FightingPoliwrath4
39%
Bug/GhostShedinja1
39%
Flying/SteelSkarmory3
39%
Ghost/SteelAegislash4
33%
Rock/SteelAggron7
33%
Normal/DarkAlolan Rattata5
33%
Ice/RockAmaura3
33%
Normal/DragonDrampa2
33%
Normal/GhostHisuian Zorua2
33%
Dark/FairyImpidimp3
33%
Grass/RockLileep3
33%
Psychic/GhostLunala4
33%
Ice/GroundMamoswine3
33%
Ghost/FairyMimikyu2
33%
Poison/GroundNidoking4
33%
Electric/FightingPawmot3
33%
Psychic/BugRabsca3
33%
FlyingRookidee3
33%
Fire/GrassScovillain2
33%
Bug/RockShuckle6
33%
Electric/PoisonToxel2
33%
Rock/DragonTyrantrum2
33%
Ice/FairyAlolan Ninetales1
28%
Normal/WaterBibarel1
28%
Rock/FairyDiancie2
28%
Poison/PsychicGalarian Slowbro3
28%
Normal/GrassSmoliv5
28%
Normal/FightingStufful4
28%
Normal/GroundUrsaluna2
28%
Ice/SteelAlolan Sandslash2
22%
Ground/PsychicBaltoy2
22%
Ice/FightingCrabominable1
22%
Bug/FairyCutiefly2
22%
Poison/FairyFezandipiti2
22%
Normal/PoisonGrafaiai2
22%
Ground/DarkKrookodile4
22%
Dragon/FairyMega Altaria1
22%
Electric/DarkMorpeko1
22%
Flying/FairyTogekiss3
22%
Rock/DarkTyranitar1
22%
Fire/IceGalarian Darmanitan1
17%
Poison/RockGlimmora3
17%
Poison/SteelRevavroom2
17%
Fighting/RockTerrakion1
17%
Fighting/GroundGreat Tusk1
11%
Fighting/FairyIron Valiant1
11%
Bug/DarkLokix1
11%

Score Distribution

Percentile by Number Answered

Percent of People with Each Score

Your Score History

You have not taken this quiz